[Event "Let's Play Chess!"]
[Site "http://www.queenalice.com/game.php?id=412674"]
[Date "2008.6.4"]
[Round "-"]
[White "Loh"]
[Black "AnnaMaria"]
[Result "1-0"]
[WhiteElo "1651"]
[BlackElo "1775"]

1. e4 c5 2. Nf3 d6 3. Nc3 Nf6 4. d4 cxd4 5. Nxd4 Nc6 6. Nxc6 bxc6 7. b4 Qb6 8.
Rb1 e5 9. Be3 Qc7 10. b5 c5 11. Nd5 Nxd5 12. exd5 Qa5+ 13. Bd2 Qxa2 14. b6 axb6
15. Bb5+ Bd7 16. Bxd7+ Kxd7 17. Qg4+ Kc7 18. O-O Qxc2 19. Rfd1 f5 20. Qe2 Qa2
21. Qb5 Rb8 22. Ra1 Qxd5 23. Bg5 Qc6 24. Qc4 h6 25. Ra7+ Rb7 26. Qf7+ Kb8 27.
Rxb7+ Qxb7 28. Qe8+ Kc7 29. Bd8+ Kb8 30. Bxb6+ Qc8 31. Qb5 Qb7 32. Rb1 Be7 33.
Ba7+ 1-0

[Event "Let's Play Chess!"]
[Site "http://www.queenalice.com/game.php?id=414761"]
[Date "2008.6.8"]
[Round "-"]
[White "AnnaMaria"]
[Black "MCMLXXXI"]
[Result "1-0"]
[WhiteElo "1727"]
[BlackElo "1903"]

1. e4 c5 2. Nf3 Nc6 3. d4 cxd4 4. Nxd4 e6 5. Nc3 Nf6 6. Bg5 Be7 7. Bb5 a6 8.
Bxc6 bxc6 9. e5 Nd5 10. Bxe7 Qxe7 11. O-O O-O 12. Nxd5 cxd5 13. Re1 Bb7 14. c3
Rab8 15. Qd2 Bc6 16. Rab1 a5 17. Nxc6 dxc6 18. b3 c5 19. c4 d4 20. Qxa5 Ra8 21.
Qd2 Rfd8 22. a4 d3 23. Re3 Qg5 24. Rd1 g6 25. Rxd3 Rxd3 26. Qxd3 Qxe5 27. Qf3
Rb8 28. g3 Qb2 29. Rd3 e5 30. Qe3 Qb1+ 31. Kg2 Qb2 32. a5 Qa3 33. Qxe5 Ra8 34.
Rf3 Qxa5 35. Qe7 Ra7 36. Qe8+ Kg7 37. h4 h5 38. Qe5+ Kg8 39. Rd3 Qc7 40. Qxc7
Rxc7 41. Rd5 Kf8 42. f3 Ke7 43. Kf2 Ke6 44. Ke3 f6 45. f4 Ke7 46. Ke4 Ke6 47.
f5+ gxf5+ 48. Rxf5 Kf7 49. Rxh5 Kg6 50. Rd5 1-0

[Event "Let's Play Chess!"]
[Site "http://www.queenalice.com/game.php?id=414762"]
[Date "2008.6.8"]
[Round "-"]
[White "AnnaMaria"]
[Black "MCMLXXXI"]
[Result "0-1"]
[WhiteElo "1738"]
[BlackElo "1827"]

1. d4 d5 2. Nf3 c5 3. c3 cxd4 4. cxd4 Nc6 5. Nc3 Nf6 6. e3 Bg4 7. Be2 e6 8. h3
Bh5 9. Bb5 a6 10. Be2 Bd6 11. O-O Qc7 12. g4 Bxg4 13. hxg4 Nxg4 14. Kg2 h5 15.
e4 dxe4 16. Nxe4 O-O-O 17. Nxd6+ Qxd6 18. Be3 f6 19. Qd2 g5 20. Rac1 Kb8 21.
Rfd1 h4 22. Kh3 Nxe3 23. fxe3 Qg3# 0-1

[Event "summer time"]
[Site "http://www.queenalice.com/game.php?id=415842"]
[Date "2008.6.10"]
[Round "-"]
[White "AnnaMaria"]
[Black "KasparovPadawan"]
[Result "1-0"]
[WhiteElo "1577"]
[BlackElo "1762"]

1. e4 c5 2. Nf3 e6 3. d4 cxd4 4. Nxd4 Bc5 5. Nb3 Bxf2+ 6. Kxf2 Qh4+ 7. g3 Qxe4
8. Bd3 Qc6 9. Nc3 a6 10. Be3 Nf6 11. Qf3 d5 12. Rhe1 e5 13. Qd1 Ng4+ 14. Kg1 O-O
15. Bc5 Qh6 16. Qe2 Re8 17. Nxd5 1-0

[Event "summer time!"]
[Site "http://www.queenalice.com/game.php?id=415843"]
[Date "2008.6.10"]
[Round "-"]
[White "KasparovPadawan"]
[Black "AnnaMaria"]
[Result "1-0"]
[WhiteElo "1751"]
[BlackElo "1748"]

1. d4 Nf6 2. c4 e6 3. e3 d5 4. Nc3 Bb4 5. Bd2 c6 6. a3 Ba5 7. b4 Bc7 8. Nf3 Nbd7
9. Qb3 O-O 10. Bd3 Nb6 11. c5 Nbd7 12. b5 Re8 13. e4 Ba5 14. O-O Bxc3 15. Bxc3
Nxe4 16. Bb2 Ndf6 17. a4 g5 18. Qc2 h6 19. Rae1 Qc7 20. Ne5 a5 21. b6 Qe7 22. f3
Nxc5 23. dxc5 Nh5 24. Qc3 Nf4 25. Nxc6 Qf8 26. Qh8# 1-0

[Event "come on!"]
[Site "http://www.queenalice.com/game.php?id=416220"]
[Date "2008.6.12"]
[Round "-"]
[White "AnnaMaria"]
[Black "Jac"]
[Result "0-1"]
[WhiteElo "1691"]
[BlackElo "1872"]

1. e4 e5 2. Nf3 Nf6 3. Nc3 Nc6 4. Bb5 Bc5 5. O-O O-O 6. d4 Nxd4 7. Bg5 Nxb5 8.
Nxb5 Be7 9. Re1 d6 10. Qd3 c6 11. Bxf6 gxf6 12. Nc3 Kh8 13. Rad1 Rg8 14. Nh4 Qb6
15. Na4 Qb4 16. b3 d5 17. Nf5 Bxf5 18. exf5 Qg4 19. Qg3 Qxf5 20. Qd3 Qg4 21. g3
Rad8 22. f3 Qh5 23. f4 b5 24. Nb2 Bc5+ 25. Kh1 exf4 26. gxf4 Rg4 27. Rf1 Rdg8
28. Rf3 Rg1+ 0-1

[Event "come on!!"]
[Site "http://www.queenalice.com/game.php?id=416221"]
[Date "2008.6.11"]
[Round "-"]
[White "Moondawg"]
[Black "AnnaMaria"]
[Result "1-0"]
[WhiteElo "1970"]
[BlackElo "1734"]

1. e4 c5 2. Nf3 d6 3. d4 cxd4 4. Qxd4 Nc6 5. Qc3 Nf6 6. Bd3 Qa5 7. Bd2 Qxc3 8.
Nxc3 e5 9. Nb5 Kd7 10. O-O a6 11. Nc3 Nb4 12. Na4 Nxd3 13. Nb6+ Kc6 14. Nxa8
Nxb2 15. Ng5 Be6 16. Nb6 h6 17. Nxe6 fxe6 18. Rab1 Kxb6 19. Rxb2+ Kc6 20. a4
Nxe4 21. Be3 b5 22. axb5+ axb5 23. Ra1 Nc5 24. Bxc5 dxc5 25. Ra6+ Kd5 26. Rxb5
Bd6 27. Rbb6 Rd8 28. c4+ Kxc4 29. Rxd6 Rb8 30. Rab6 Ra8 31. g3 Ra5 32. Rxe6 Kd4
33. Ra6 Rb5 34. Reb6 Rxb6 35. Rxb6 c4 36. Kf1 c3 37. Ke1 Kd3 38. Kd1 e4 39. Rc6
h5 40. Rd6+ Kc4 41. h4 Kb3 42. Kc1 c2 43. Rc6 1-0

[Event "Challenge"]
[Site "http://www.queenalice.com/game.php?id=416272"]
[Date "2008.6.11"]
[Round "-"]
[White "AnnaMaria"]
[Black "axelsun"]
[Result "0-1"]
[WhiteElo "1723"]
[BlackElo "1929"]

1. e4 e5 2. Nf3 Nc6 3. Bb5 a6 4. Ba4 Nf6 5. Nc3 b5 6. Bb3 Bc5 7. O-O Bb7 8. d3
h6 9. a3 d6 10. Qe2 Nd4 11. Nxd4 Bxd4 12. Nd5 c6 13. Nxf6+ Qxf6 14. Kh1 O-O-O
15. c3 Bb6 16. f4 d5 17. exd5 cxd5 18. fxe5 Qe6 19. d4 f5 20. Bc2 Rdf8 21. Qf3
g6 22. Qh3 Bd8 23. Bd2 Kb8 24. Qg3 Bc8 25. a4 Bd7 26. axb5 Bxb5 27. Bd3 Bxd3 28.
Qxd3 a5 29. Qb5+ Qb6 30. Qxb6+ Bxb6 31. b4 axb4 32. Rab1 Kc7 33. Rxb4 g5 34.
Rfb1 Rb8 35. Rb5 Kc6 36. g3 Rb7 37. Kg2 Rhb8 38. Kf3 Ra8 39. h4 Ra2 40. R1b2 Ra1
41. Kg2 gxh4 42. Bxh6 h3+ 43. Kxh3 Rh1+ 44. Rh2 Rxh2+ 45. Kxh2 Kxb5 46. Bd2 Kc4
47. Kg2 Ra7 48. Kf3 Kd3 49. Be1 Ba5 50. g4 fxg4+ 51. Kxg4 Bxc3 52. Bxc3 Kxc3 53.
e6 Kxd4 54. Kf5 Re7 55. Kf6 Re8 56. Kf7 Ra8 57. e7 Ke5 58. e8=Q+ Rxe8 59. Kxe8
d4 0-1

[Event "Challenge"]
[Site "http://www.queenalice.com/game.php?id=416355"]
[Date "2008.6.12"]
[Round "-"]
[White "cowgirl"]
[Black "AnnaMaria"]
[Result "0-1"]
[WhiteElo "1933"]
[BlackElo "1664"]

1. d4 Nf6 2. Nf3 d5 3. e3 Bg4 4. Be2 e6 5. O-O Bd6 6. Nc3 a6 7. h3 Bh5 8. Ne5
Bxe2 9. Qxe2 Nbd7 10. f4 Ne4 0-1

[Event "Brasil x Italia"]
[Site "http://www.queenalice.com/game.php?id=422943"]
[Date "2008.6.25"]
[Round "-"]
[White "gomestrovao"]
[Black "AnnaMaria"]
[Result "1-0"]
[WhiteElo "1872"]
[BlackElo "1758"]

1. e4 c5 2. Bc4 e6 3. Nf3 d5 4. exd5 exd5 5. Be2 Nf6 6. d3 Be7 7. h3 Be6 8. Bf4
Nbd7 9. Nc3 Qa5 10. Bd2 O-O 11. Nxd5 Qd8 12. Nxe7+ Qxe7 13. O-O Rfe8 14. Re1 Qd6
15. Ng5 Bf5 16. Bf3 Qc7 17. Bh5 g6 18. Bf3 h6 19. Ne4 Nxe4 20. dxe4 Be6 21. Bxh6
Rad8 22. Qe2 Ne5 23. Bf4 Nxf3+ 24. Qxf3 Qb6 25. b3 Qc6 26. Bg5 Rd4 27. c3 Rd7
28. Rad1 f5 29. exf5 Qxf3 30. gxf3 Rxd1 31. Rxd1 Bxf5 32. Rd8 Rxd8 33. Bxd8 Bxh3
34. Be7 b6 35. Bd6 Bf5 36. Bb8 b5 37. Bxa7 c4 38. bxc4 bxc4 39. a4 Bd7 40. a5
Bc6 41. Kg2 Kf7 42. Kg3 Kf6 43. f4 Kf5 44. Bc5 Ke4 45. a6 Kf5 46. a7 Ke6 47. Kg4
Kf6 48. Bd4+ Ke6 49. Kg5 Kf7 50. f5 gxf5 51. Kxf5 Bb7 52. f4 Bg2 53. Ke5 Bb7 54.
f5 Bf3 55. f6 Bh1 56. Kd6 Bg2 57. Kc7 Bd5 58. Kb8 Ke6 59. a8=R Bxa8 60. Kxa8 Kd6
61. Kb7 Kd7 62. Kb6 Kd6 63. Ka5 Kd7 64. Kb4 1-0

[Event "Challenge"]
[Site "http://www.queenalice.com/game.php?id=423074"]
[Date "2008.6.25"]
[Round "-"]
[White "mitchelli"]
[Black "AnnaMaria"]
[Result "0-1"]
[WhiteElo "1570"]
[BlackElo "1703"]

1. e4 c5 2. Nh3 d6 3. Bc4 Bxh3 4. gxh3 Nf6 5. Nc3 e6 6. d3 Be7 7. Qf3 Nbd7 8.
Rg1 g6 9. h4 Qc7 10. Nb5 Qa5+ 11. Bd2 Qb6 12. h5 Nxh5 13. d4 a6 14. d5 axb5 15.
Bd3 c4 16. Be2 Ne5 17. Qe3 Qxe3 18. fxe3 Bh4+ 19. Kd1 Ke7 20. dxe6 fxe6 21. b3
Rhc8 22. Bxh5 cxb3 23. cxb3 Bf6 24. Rc1 gxh5 25. Rf1 Nd3 26. Rc3 Bxc3 27. Kc2
Nb4+ 28. Kd1 Nxa2 29. Be1 Bxe1 30. Kxe1 Rc1+ 31. Kf2 Rf8+ 32. Ke2 Rfxf1 0-1

[Event "The First Punic War"]
[Site "http://www.queenalice.com/game.php?id=425172"]
[Date "2008.6.29"]
[Round "-"]
[White "decimator"]
[Black "AnnaMaria"]
[Result "1-0"]
[WhiteElo "1828"]
[BlackElo "1723"]

1. d4 Nf6 2. c4 d5 3. Bg5 e6 4. Nf3 c6 5. Nc3 Bb4 6. Qc2 h6 7. Bxf6 Qxf6 8. e3
Qe7 9. c5 Nd7 10. Bd3 Nf6 11. O-O O-O 12. Ne2 Bd7 13. a3 Ba5 14. Ng3 b6 15. b4
bxc5 16. bxa5 cxd4 17. Nxd4 Rfc8 18. e4 Ng4 19. h3 dxe4 20. Nxe4 Ne5 21. Ng3 Qd6
22. Rfd1 Nxd3 23. Rxd3 Qc7 24. Nb3 Rab8 25. Nc5 Rb7 26. Nxb7 Qxb7 27. Qc5 Rc7
28. Rad1 a6 29. Nh5 Be8 30. Rg3 f6 31. Nf4 e5 32. Ng6 Bxg6 33. Rxg6 Kh7 34. Qc2
c5 35. Rxf6+ e4 36. Rb6 Qa8 37. Rdd6 Qe8 38. Re6 Re7 39. Qxe4+ Kh8 40. Rxe7 Qd8
41. Re8+ Qxe8 42. Qxe8+ Kh7 43. Qg6+ 1-0

[Event "Sfida Tricolore"]
[Site "http://www.queenalice.com/game.php?id=428701"]
[Date "2008.7.6"]
[Round "-"]
[White "AnnaMaria"]
[Black "axedre"]
[Result "0-1"]
[WhiteElo "1720"]
[BlackElo "1857"]

1. e4 e5 2. Nf3 Nc6 3. Bb5 a6 4. Ba4 Nf6 5. O-O b5 6. Bb3 Bc5 7. c3 Bb7 8. d3 h6
9. Qe2 Qe7 10. Be3 Bxe3 11. fxe3 O-O-O 12. Nbd2 Na5 13. Bc2 d5 14. exd5 Nxd5 15.
Rae1 f5 16. Qf2 g5 17. e4 Nf4 18. Qe3 fxe4 19. dxe4 g4 20. b4 gxf3 21. Nxf3 Nc4
22. Qc5 Rhe8 23. Qxe7 Rxe7 24. Nxe5 Nh3+ 25. gxh3 Rg8+ 26. Kf2 Nxe5 27. Ke3 Nc4+
28. Ke2 Bxe4 29. Bxe4 Rxe4+ 30. Kd3 Rxe1 31. Rxe1 Rd8+ 32. Ke2 Re8+ 33. Kf2 Rxe1
34. Kxe1 Kd7 35. Ke2 Ke6 36. Kd3 Ke5 37. Kc2 Ne3+ 38. Kb3 Kd5 39. a4 Nf1 40.
axb5 axb5 41. h4 Nxh2 42. h5 Ng4 43. c4+ bxc4+ 44. Kc3 Nf6 0-1

[Event "757"]
[Site "http://www.queenalice.com/game.php?id=438221"]
[Date "2008.7.25"]
[Round "-"]
[White "phystutordotcom"]
[Black "AnnaMaria"]
[Result "1-0"]
[WhiteElo "2079"]
[BlackElo "1725"]

1. Nf3 Nf6 2. d3 d5 3. Nbd2 Nbd7 4. g3 e5 5. e4 Bb4 6. c3 Ba5 7. Bg2 dxe4 8.
dxe4 Bb6 9. O-O O-O 10. Qe2 Re8 11. Nc4 c6 12. Nd6 Re7 13. b3 Bc5 14. Nxc8 Rxc8
15. Bb2 Qb6 16. Rad1 a5 17. Bh3 Rd8 18. c4 h6 19. Rd3 Bb4 20. Rfd1 Bc5 21. Nxe5
Rxe5 22. Bxe5 Be7 23. Bxd7 Nxd7 24. Rxd7 Re8 25. Qg4 Bg5 26. Bd4 c5 27. Bc3 Qc6
28. R7d5 b6 29. h4 Bf6 30. Rd6 Qxe4 31. Qxe4 Rxe4 32. Bxf6 gxf6 33. Rxf6 Re2 34.
Rd7 Rxa2 35. Rfxf7 Ra1+ 36. Kg2 Re1 37. Ra7 Re6 38. Rfb7 Rf6 39. Rb8+ Rf8 40.
Rxf8+ Kxf8 41. Kf3 Kg8 42. Ke4 1-0

[Event "756"]
[Site "http://www.queenalice.com/game.php?id=438225"]
[Date "2008.7.25"]
[Round "-"]
[White "AnnaMaria"]
[Black "phystutordotcom"]
[Result "0-1"]
[WhiteElo "1725"]
[BlackElo "2118"]

1. e4 g6 2. d4 Bg7 3. Nf3 d6 4. h3 Nd7 5. Be3 e5 6. Nc3 Ngf6 7. Bb5 c6 8. Ba4 b5
9. Bb3 b4 10. dxe5 dxe5 11. Ng5 bxc3 12. Nxf7 Qe7 13. Nxh8 Bxh8 14. Bg5 cxb2 15.
Rb1 Qb4+ 16. Qd2 Qxd2+ 17. Bxd2 Nxe4 18. Rxb2 Nxd2 19. Kxd2 Nc5 20. f3 e4 21.
Re1 Bxb2 22. fxe4 Be5 23. g4 Nxb3+ 24. axb3 Ba6 25. Ke3 Ke7 26. c4 Rb8 27. Rb1
Bxc4 28. b4 Bd6 29. Kd4 Be6 30. Ra1 Rxb4+ 31. Ke3 Rb3+ 32. Kf2 Bc5+ 33. Kg2 Kd6
34. Ra4 Rb4 35. Rxb4 Bxb4 36. Kf2 Bc4 37. Ke3 a5 38. Kd4 Bb5 39. e5+ Ke6 40. h4
a4 0-1

[Event "Challenge"]
[Site "http://www.queenalice.com/game.php?id=448189"]
[Date "2008.8.13"]
[Round "-"]
[White "paddymalonespub"]
[Black "AnnaMaria"]
[Result "0-1"]
[WhiteElo "1716"]
[BlackElo "1693"]

1. e4 c5 2. d4 cxd4 3. Qxd4 Nc6 4. Qd1 Nf6 5. Nc3 e6 6. Bd3 d5 7. exd5 Nxd5 8.
Nxd5 Qxd5 9. Nf3 Bb4+ 10. Bd2 Bxd2+ 11. Qxd2 Ne5 12. Qe3 Nxd3+ 13. Qxd3 Qxd3 14.
cxd3 b6 15. O-O Ba6 16. Ne5 O-O 17. b4 Rfd8 18. Rad1 Rd6 19. Nc4 Rd4 20. f4 Rad8
21. a4 Bxc4 22. Rc1 Bxd3 23. Rf3 Be2 24. Rfc3 g6 25. Kf2 Bd1 26. a5 Rxf4+ 27.
Kg3 Rg4+ 28. Kf2 Rd2+ 29. Ke1 Rgxg2 30. Rxd1 Rb2 31. Kf1 Rxh2 32. Kg1 Rhg2+ 33.
Kf1 h5 34. a6 h4 35. Rd7 Rh2 36. Kg1 h3 37. Rc1 Rbg2+ 0-1

[Event "Challenge"]
[Site "http://www.queenalice.com/game.php?id=448674"]
[Date "2008.8.14"]
[Round "-"]
[White "AnnaMaria"]
[Black "E62576507"]
[Result "0-1"]
[WhiteElo "1743"]
[BlackElo "1756"]

1. e4 c5 2. Nf3 e6 3. d4 cxd4 4. Nxd4 Bc5 5. Nb3 Bb6 6. Qd6 Ne7 7. Bg5 Nbc6 8.
Bb5 f6 9. Bd2 O-O 10. O-O f5 11. exf5 Nxf5 12. Qd3 Qh4 13. Bxc6 bxc6 14. a4 Ba6
15. Qxa6 Ng3 16. hxg3 Qxg3 17. Qe2 Rxf2 18. Rxf2 Rf8 19. Be1 Rf6 20. N1d2 Rg6
21. Ne4 Qxg2# 0-1

[Event "Challenge"]
[Site "http://www.queenalice.com/game.php?id=449829"]
[Date "2008.8.17"]
[Round "-"]
[White "AnnaMaria"]
[Black "Viper3910"]
[Result "0-1"]
[WhiteElo "1715"]
[BlackElo "1815"]

1. e4 e5 2. Nf3 Nc6 3. Bb5 d6 4. d4 a6 5. Bxc6+ bxc6 6. dxe5 a5 7. exd6 cxd6 8.
e5 d5 9. Bg5 Be7 10. Bxe7 Nxe7 11. O-O O-O 12. Nc3 Nf5 13. Re1 a4 14. a3 Be6 15.
Ne2 c5 16. Qd2 h6 17. Rad1 d4 18. Nf4 g5 19. Nh5 f6 20. Nxf6+ Rxf6 21. exf6 Qxf6
22. h3 Bd5 23. Ne5 Be6 24. Re2 Nd6 25. Rde1 Nc4 26. Nxc4 Bxc4 27. Re8+ Rxe8 28.
c3 Rxe1+ 29. Qxe1 d3 30. Qe8+ Kg7 31. Qd7+ Qf7 32. Qxa4 d2 33. b4 Be2 34. bxc5
d1=Q+ 35. Qxd1 Bxd1 36. f3 Qc4 37. c6 Qxc6 0-1

[Event "Challenge"]
[Site "http://www.queenalice.com/game.php?id=451260"]
[Date "2008.8.20"]
[Round "-"]
[White "attachui"]
[Black "AnnaMaria"]
[Result "1-0"]
[WhiteElo "1845"]
[BlackElo "1703"]

1. Nc3 Nf6 2. d3 e6 3. Bg5 c6 4. e4 Bb4 5. e5 h6 6. Bh4 g5 7. Bg3 Nd5 8. Ne2 d6
9. a3 Nxc3 10. bxc3 Ba5 11. f4 dxe5 12. fxe5 f5 13. exf6 Qxf6 14. d4 Nd7 15. Qd3
c5 16. Be5 Nxe5 17. dxe5 Qxe5 18. Qb5+ Bd7 19. Qxa5 b6 20. Qa6 Bc8 21. Qd3 Ke7
22. O-O-O a5 23. g3 Ba6 24. Qd7+ Kf6 25. Bg2 Rad8 26. Rhf1+ Qf5 27. Rxf5+ Kxf5
28. Qf7+ Ke5 29. Qg7+ Kf5 30. Rf1+ Kg4 31. h3+ Kh5 32. Qf7# 1-0

[Event "Challenge"]
[Site "http://www.queenalice.com/game.php?id=451517"]
[Date "2008.8.21"]
[Round "-"]
[White "yclaudiu35"]
[Black "AnnaMaria"]
[Result "1-0"]
[WhiteElo "1816"]
[BlackElo "1710"]

1. e4 c5 2. Nf3 d6 3. a3 Nf6 4. Nc3 Bg4 5. Be2 Nc6 6. h3 Bh5 7. g4 Bg6 8. Bb5
Qb6 9. d4 cxd4 10. Bxc6+ bxc6 11. Qxd4 Qxd4 12. Nxd4 Nxe4 13. O-O Nxc3 14. bxc3
c5 15. Nf5 Bxf5 16. gxf5 g6 17. fxg6 Rg8 18. Kh2 Rxg6 19. a4 e6 20. Rb1 d5 21.
Be3 Bd6+ 22. Kh1 Ke7 23. Rb5 c4 24. f4 Rg3 25. Bd2 Rxh3+ 26. Kg2 Rh5 27. Kf2 a6
28. Rb7+ Kf6 29. Be3 Rh2+ 30. Ke1 Rxc2 31. Kd1 Rxc3 32. Bd4+ Kg6 33. Bxc3 a5 34.
Rg1+ Kf5 35. Rxf7+ Ke4 36. Re1+ Kd3 37. Bd2 Bb4 38. Re3+ Kd4 39. Rxe6 c3 40.
Be3+ Kc4 41. Kc2 Rc8 42. Rxh7 Bc5 43. Bxc5 Rxc5 44. f5 d4 45. f6 d3+ 46. Kd1 Rf5
47. Rh4+ Kb3 48. Rb6+ Ka3 49. Rh1 Kxa4 50. Ke1 c2 51. Kd2 Rf3 52. Ra1# 1-0

[Event "Challenge"]
[Site "http://www.queenalice.com/game.php?id=465786"]
[Date "2008.9.20"]
[Round "-"]
[White "AnnaMaria"]
[Black "Mikejr"]
[Result "0-1"]
[WhiteElo "1723"]
[BlackElo "1699"]

1. e4 d5 2. exd5 Qxd5 3. Nc3 Qf5 4. Bd3 Qd7 5. Nf3 Qc6 6. O-O Qd6 7. Re1 c6 8.
Qe2 e6 9. Ne4 Qf4 10. Ng3 Nf6 11. Bc4 Qd6 12. d4 Nd5 13. Nf5 Qd8 14. Bg5 Nf6 15.
d5 cxd5 16. Bb5+ Bd7 17. Bxd7+ Qxd7 18. Bxf6 gxf6 19. Rad1 Nc6 20. c4 O-O-O 21.
Ne3 Nb4 22. b3 Qc7 23. cxd5 Kb8 24. dxe6 fxe6 25. Rxd8+ Qxd8 26. Rd1 Qe7 27. Nc4
Nd5 28. Nd4 Nc3 29. Qd3 Nxd1 30. Qxd1 Qd7 31. Ne3 Bc5 32. Ndc2 Rd8 33. Qxd7 Rxd7
34. b4 Bb6 35. Kf1 f5 36. Ke2 f4 37. Ng4 Rc7 38. Kd3 Rg7 39. f3 Rd7+ 40. Ke2 h5
41. Nf6 Rd6 42. Nxh5 e5 43. a4 Rh6 44. g4 Bd8 45. Kd3 Rc6 46. a5 a6 47. Na3 b5
48. h3 Be7 49. Nc2 Kc7 50. Ng7 Kd7 51. Nf5 Bf6 52. h4 Ke6 53. h5 Rc8 54. Nh6
Rd8+ 55. Ke4 Rd2 56. Na1 Rd4# 0-1

[Event "Let's Play Chess!"]
[Site "http://www.queenalice.com/game.php?id=470553"]
[Date "2008.9.30"]
[Round "-"]
[White "Aylton"]
[Black "AnnaMaria"]
[Result "0-1"]
[WhiteElo "1929"]
[BlackElo "1698"]

1. d4 Nf6 2. c4 d5 3. e3 c6 4. a3 Nbd7 5. Nf3 Ne4 6. Nbd2 Nxd2 7. Qxd2 g6 8. Bd3
Nb6 9. c5 Nd7 10. b4 a5 11. Bb2 Bg7 12. O-O O-O 13. h3 Qc7 14. Bc3 b5 15. cxb6
Qxb6 16. bxa5 Qc7 17. Rab1 c5 18. Rfc1 c4 19. Be2 Bb7 20. Bb4 Rfe8 21. Qc3 e5
22. dxe5 Nxe5 23. Nxe5 Bxe5 24. Qe1 Rac8 25. Bd1 d4 26. Ba4 Red8 27. Rd1 d3 28.
Rbc1 Bh2+ 29. Kf1 Be5 30. f4 Bd6 31. Bb5 Bd5 32. Rxd3 Bxb4 33. axb4 Qb7 34. Rxd5
Qxd5 35. Ba4 Qd3+ 36. Qe2 Qa3 37. Bd1 Qxc1 0-1

[Event "Challenge"]
[Site "http://www.queenalice.com/game.php?id=478227"]
[Date "2008.10.16"]
[Round "-"]
[White "pgierech"]
[Black "AnnaMaria"]
[Result "1-0"]
[WhiteElo "1929"]
[BlackElo "1706"]

1. e4 c5 2. Nc3 e6 3. d3 d5 4. f4 dxe4 5. dxe4 Nc6 6. Qxd8+ Nxd8 7. Nf3 Nf6 8.
Be2 Nc6 9. O-O Be7 10. Be3 Ng4 11. Bf2 Nxf2 12. Kxf2 O-O 13. Rad1 b6 14. g3 Nb4
15. Rd2 Ba6 16. Bxa6 Nxa6 17. a3 Rad8 18. Rfd1 Rxd2+ 19. Rxd2 Rd8 20. Rxd8+ Bxd8
21. Ne5 Bc7 22. Nc6 Bb8 23. Nb5 Nc7 24. Ncxa7 Nxb5 25. Nxb5 e5 26. f5 f6 27. Ke3
Kf7 28. Kd3 Ke7 29. Kc4 g6 30. g4 Kd7 31. Kd5 g5 32. c4 h6 33. h3 Bc7 34. Nxc7
Kxc7 35. Ke6 Kc6 36. b4 b5 37. cxb5+ Kxb5 38. bxc5 Kxc5 39. a4 Kd4 40. a5 Kxe4
41. a6 Kf4 42. a7 e4 43. a8=Q e3 44. Qg2 e2 45. Qxe2 Kg3 46. Kxf6 Kxh3 47. Kg6
h5 48. Qf3+ Kh4 49. Qg2 hxg4 50. Qh2# 1-0